000 00412nam a2200169Ia 4500
008 220524s9999 xx 000 0 und d
020 _a9788866131663
041 _aeng
082 _a746.1
100 _aMoleskine.
_98624
245 _aSilkscreen Masters - Secrets of the Words Top Screen Printers.
260 _bMoleskine.--
_c2017
300 _a239
650 _aDyeing
_98625
906 _a
999 _c7948
_d7948